000
00328nam a22001337a 4500
008
170906b xxu||||| |||| 00| 0 eng d
020
_a
9780073523019
041
_a
eng
080
_2
4th
_a
72
100
_a
72
101
_a
ARK
245
_a
MANAGERIAL ECONOMICS AND ORGANIZATIONAL ARCHITECTURE
_c
BRICKELY,J,A
942
_2
udc
_c
BK
999
_c
26392
_d
26392